Riconosci il Pokémon - Quiz n°964 - Statistics

Statistiche generali
  • Questo quiz è stato fatto 2 volte
  • Il punteggio medio è 6 su 10
Statistiche sulle risposte
Indizio Risposta % Corretto
Tipo Erba / Spettro
100%
Generazione Nona
100%
Altezza 0,1 m
50%
Peso 1,1 kg
50%
Tasso di cattura 120 (24.9%)
50%
Stadio evoluzione Forma Base
50%
Tasso di allevamento Medio-Veloce
50%
Abilità Ospitalità; Antifuoco
50%
Pokémon Poltchageist
50%
Sesso Sconosciuto
50%
Nessun quiz corrispondente trovato
Distribuzione punteggi
Percentuale di utenti per punteggio
Percentile per numero di risposta
I tuoi punteggi nel tempo
Non hai fatto questo quiz